| 000 | 00607nam a2200241Ia 4500 | ||
|---|---|---|---|
| 003 | OSt | ||
| 005 | 20220924132513.0 | ||
| 006 | a|||||r|||| 00| 0 | ||
| 007 | ta | ||
| 008 | 220923b |||||||| |||| 00| 0 san d | ||
| 024 | _a58865 | ||
| 037 | _cTextual | ||
| 040 |
_aARTS _cARTS _bsan |
||
| 041 |
_2san _asan |
||
| 082 | _aQ2x, 15J9 | ||
| 100 | _aDe S K | ||
| 245 | 0 |
_aPuranetihasa sangrahah _b an anthology of the epic and puranas |
|
| 260 | _c1959 | ||
| 650 | _aRELIGION | ||
| 700 | _a Hazra R C | ||
| 942 |
_hQ2x, 15J9 _cTEXL _2CC |
||
| 999 |
_c430441 _d430441 |
||